000 00715nam a2200289Ia 4500
005 20260324112150.0
008 008 260324s9999 xx 000 0 eng d
020 _a9781003479307
037 _aEBOOK
040 _aCRL
040 _beng
040 _cCRL
041 _2eng
041 _aeng
084 _qCRL
100 _aJoyce Sabina Lobo; Josukutty C A
_91141564
245 4 _aThe New World Politics of the Indo-Pacific
245 0 _bPerceptions, Policies and Interests
260 _bTaylor and Francis
260 _c2024
365 _a
365 _b230
856 _uhttp://www.taylorfrancis.com/books/9781003479307
942 _cEBOOK
999 _c1730673
_d1730673